000 00698nam a2200229Ii 4500
003 JO-AjNU
008 230605s9999||||xx |||||||||||||| ||und||
017 _a2009/4/1263
020 _a978-9957-24-376-0
040 _aJO-AjNU
_bara
_erda
_cJO-AjNU
041 _aara
050 1 4 _aHD30.22.H3484.2010
100 3 _aالحاج،طارق/فليح حسن,
_eauthor
_930092
245 0 0 _aالاقتصاد الاداري
250 _aط1
264 3 1 _aعمان:دار صفاء للنشر والتوزيع،2010
300 _a260ص
336 _atext
_btxt
_2rdacontent
337 _aunmediated
_bn
_2rdamedia
338 _avolume
_bnc
_2rdacarrier
650 4 _aالاقتصاد-ادارة
_930093
999 _aA11888
_c15456
_d15456